[Event "ROM-ch U12 Girls"]
[Site "Calimanesti Caciulata"]
[Date "2016.04.21"]
[Round "5"]
[White "Pop, Ioana Cecilia"]
[Black "Bajenaru, Bianca Emiliana"]
[Result "1/2-1/2"]
[WhiteElo "1331"]
[BlackElo "1174"]
[PlyCount "73"]
[EventDate "2016.04.18"]
[EventType "swiss"]
[EventRounds "9"]
[EventCountry "ROU"]
[SourceTitle "CBM 172 Extra"]
[Source "ChessBase"]
[SourceDate "2016.06.21"]
[SourceVersion "1"]
[SourceVersionDate "2016.06.21"]
[SourceQuality "1"]

1. d4 Nf6 2. e3 d5 3. f4 e6 4. Nf3 Bd6 5. Bd3 Nbd7 6. 0-0 0-0 7. c3 c6 8. Nbd2 Ng4 9. Qe1 f5 10. Ne5 Ndf6 11. Nb3 Qe8 12. Qh4 Be7 13. Qg3 Qh5 14. Be2 Ne4 15. Bxg4 Nxg3 16. Bxh5 Nxh5 17. Bd2 Nf6 18. Rac1 Ne4 19. Be1 c5 20. dxc5 Nxc5 21. Nxc5 Bxc5 22. Bf2 b5 23. b3 Ba6 24. Nd7 Rfc8 25. Nxc5 Rxc5 26. e4 Rc7 27. exd5 exd5 28. Rfd1 Rd7 29. c4 bxc4 30. bxc4 Rc8 31. cxd5 Rxc1 32. Rxc1 Rxd5 33. Bxa7 Ra5 34. Ra1 Bc4 35. Bd4 Rxa2 36. Rxa2 Bxa2 37. g3 1/2-1/2

[Event "ROM-ch U12 Girls"]
[Site "Calimanesti"]
[Date "2015.04.06"]
[Round "9"]
[White "Sarbu, Adela"]
[Black "Pop, Ioana Cecilia"]
[Result "1/2-1/2"]
[WhiteElo "1329"]
[BlackElo "1099"]
[PlyCount "94"]
[EventDate "2015.03.30"]
[EventType "swiss"]
[EventRounds "9"]
[EventCountry "ROU"]
[SourceTitle "CBM 165 Extra"]
[Source "ChessBase"]
[SourceDate "2015.04.21"]
[SourceVersion "1"]
[SourceVersionDate "2015.04.21"]
[SourceQuality "1"]

1. d4 d5 2. e3 Bf5 3. Bd3 Bxd3 4. cxd3 Nf6 5. f4 e6 6. Nf3 c5 7. 0-0 Be7 8. Nc3 0-0 9. Bd2 Nc6 10. dxc5 Bxc5 11. d4 Bb4 12. a3 Bxc3 13. Bxc3 Ne4 14. Rc1 Nxc3 15. Rxc3 Rc8 16. Qd3 Qd7 17. Rfc1 Rc7 18. Qc2 f6 19. Qd2 Rcc8 20. R1c2 Ne7 21. Qc1 Rxc3 22. Rxc3 Rc8 23. Rxc8+ Qxc8 24. Qxc8+ Nxc8 25. b3 Kf7 26. Ne1 Nd6 27. Nd3 Ne4 28. Nc5 Nxc5 29. dxc5 e5 30. g3 a5 31. b4 axb4 32. axb4 Ke7 33. b5 Kd7 34. f5 Kc7 35. Kf2 g6 36. g4 g5 37. Ke2 b6 38. c6 Kd6 39. Kd3 Kc7 40. h3 h6 41. Kc3 Kd6 42. Kd3 Kc7 43. e4 d4 44. Ke2 Kd6 45. Kf3 Kc7 46. Kg3 Kd6 47. Kg2 Kc7 1/2-1/2